000
00297nam a2200097Ia 4500
008
200302s9999 xx 000 0 und d
100
_a
Daniel Lopez & Garrick Ambrose
245
_a
The Function of Form Farshid Moussavi
260
_b
Actar and the Harvard University Graduate School
300
_a
515 P.,
999
_c
2793
_d
2793